000 00446nam a2200157Ia 4500
008 240729s9999 xx 000 0 und d
022 _a2432-261X
245 0 _aSpine Surgery and Related Research
260 _aJapan
260 _bThe Japanese Society for Spine Surgery and Related Research
650 _a Surgery
650 _aMedicine
856 _uhttps://doaj.org/toc/2811f710d98f4c4eae6c48f64cb2b142
942 _2ddc
942 _cDOAJEJ
999 _c69601
_d69601
945 _a1
_bMadushi Gamage
_c1
_dMadushi Gamage